000 00422nam a2200181Ia 4500
008 210210b1941 xxu||||| |||| 00| 0 eng d
041 _aeng
082 _a822/440
100 _aGARNETT (John) Ed
245 _aScenes from school life
260 _aLondon
_bG Bell and Sons Limited
_c1941
650 _aschool
650 _aScenes
650 _alife
650 _afrom
690 _aEnglish Prose
906 _a012626
999 _c131436
_d131436